Score 0/20 Timer 08:00
0 Plays Today
% Correct
Juno
86.9%
The Pink Panther
86.3%
Forrest Gump
84%
Spider-Man 2
83.8%
Catch Me If You Can
61%
Life of Brian
60.2%
Sweeney Todd: The Demon Barber of Fleet Street
45.8%
Goldfinger
40.6%
Amelie
36.1%
Superbad
33.6%
% Correct
Psycho
32.9%
Dr. Strangelove or: How I Learned to Stop Worrying and Love the Bomb
31.4%
Watchmen
31.3%
The Good, the Bad and the Ugly
30.3%
Honey, I Blew Up The Kid
29.6%
To Kill A Mockingbird
16.8%
Men In Black
14.5%
Lord of War
13.1%
It's A Mad, Mad, Mad, Mad World
8.8%
Almost Famous
8.2%
Remove Ads.
Support Sporcle.
Get the best of Sporcle when you Go Orange. This ad-free experience offers more features, more stats, and more fun while also helping to support Sporcle. Thank you for becoming a member.

You're not logged in!

Compare scores with friends on all Sporcle quizzes.
OR
Log In

Show Comments

Extras

Top Quizzes Today


Score Distribution

Your Account Isn't Verified!

In order to create a playlist on Sporcle, you need to verify the email address you used during registration. Go to your Sporcle Settings to finish the process.

Report this User

Report this user for behavior that violates our Community Guidelines.

Details: